000 00648nam a2200241Ia 4500
003 OSt
005 20220928113715.0
006 a|||||r|||| 00| 0
007 ta
008 220927b |||||||| |||| 00| 0 eng d
024 _a65563
037 _cTextual
040 _aSDCL
_cSDCL
_beng
041 _2eng
_aeng
082 _aP143xNKR, M6
100 _aKristeva Julia
_9434602
245 0 _aKristeva reader
260 _aOxford
_bBlackwell Publishers
_c1986
300 _avii,327p
_ccm.
700 _a Moi Toril Ed.
_9434603
942 _hP143xNKR, M6
_cTEXL
_2CC
999 _c750909
_d750909